LEADER 02168nam0 22004333i 450 001 BVE0150156 005 20251003044056.0 100 $a19981218d1997 ||||0itac50 ba 101 | $aita$cita 102 $ait 181 1$6z01$ai $bxxxe 182 1$6z01$an 183 1$6z01$anc$2RDAcarrier 200 1 $aDomenico d'Ambra e il suo tempo$eNapoli durante la prima guerra mondiale$fAntonio Alosco$gprefazione di Francesco De Martino 210 $aForio$cCentro di ricerche storiche d'Ambra$dstampa 1997 215 $a95 p.$d24 cm. 225 | $aPersonaggi del passato$v4 410 0$1001CFI0134826$12001 $aPersonaggi del passato$v4 500 10$aDomenico d'Ambra e il suo tempo$3RML0555072$9CFIV034316$91488877 606 $aD'Ambra, Domenico$2FIR$3CFIC102215$9I 676 $a320.531092$9$v21 676 $a945.091092$9STORIA D'ITALIA. REGNO DI VITTORIO EMANUELE III, 1900-1946. Persone$v20 676 $a945.7310929$9STORIA. NAPOLI. 1990-1999$v23 700 1$aAlosco$b, Antonio$3CFIV034316$4070$0148343 801 3$aIT$bIT-000000$c19981218 850 $aIT-BN0095 $aIT-SA0200 $aIT-AV0007 $aIT-NA0300 $aIT-NA0079 $aIT-NA0070 $aIT-CE0127 $aIT-NA0189 $aIT-NA0230 $aIT-BN0015 $aIT-NA0097 $aIT-NA0832 901 $bNAP SP$cSCIROCCO $nFondo Scirocco 901 $bNAP BN$cSEZ.NAP. $n$ 901 $bNAP 63$cDONO $n$ 901 $bNAP VA$cGENERALE $n$ 901 $bNAP IR$cF. CARIA $n$ 901 $bNAP AV$cSEZ. M $nSezione Moderna 901 $bNAP 01$cPOZZO LIB.$nVi sono collocati fondi di economia, periodici di ingegneria e scienze, periodici di economia e statistica e altri fondi comprendenti documenti di economia pervenuti in dono. 901 $bNAP PB$cSEZ LOCALE$n$ 912 $aBVE0150156 950 0$aBiblioteca Centralizzata di Ateneo$c1 v.$d 01POZZO LIB.DONI DEMM 39$e 01 0000091935E VMA 1 v.$fB $h20221201$i20221201 977 $a 01$a 63$a AV$a BC$a BN$a BU$a CT$a DP$a IR$a PB$a SP$a VA 996 $aDomenico d'Ambra e il suo tempo$91488877 997 $aUNISANNIO